[Event "Mumbai Wealth rating op 4th"]
[Site "Mumbai"]
[Date "2019.01.02"]
[Round "4"]
[White "Sadbhav, Rautela"]
[Black "Sangoi, Hriday"]
[Result "1/2-1/2"]
[WhiteElo "1746"]
[BlackElo "1401"]
[PlyCount "84"]
[EventDate "2018.12.30"]
[EventType "swiss"]
[EventRounds "9"]
[EventCountry "IND"]
[SourceTitle "CBM 188 Extra"]
[Source "ChessBase"]
[SourceDate "2019.02.28"]
[SourceVersion "1"]
[SourceVersionDate "2019.02.28"]
[SourceQuality "1"]

1. e4 c6 2. d4 d5 3. Nc3 e6 4. Nf3 Nf6 5. e5 Nfd7 6. Be3 c5 7. dxc5 Bxc5 8. Bxc5 Nxc5 9. Qd2 a6 10. Be2 Nc6 11. 0-0-0 b5 12. Qf4 b4 13. Nb1 Qa5 14. Nd4 Bd7 15. Nb3 Nxb3+ 16. axb3 Qc7 17. Rhe1 Na5 18. Qxb4 Rb8 19. Qc3 Qb6 20. Qd4 Qxd4 21. Rxd4 Nc6 22. Rd2 a5 23. f4 0-0 24. Nc3 Nb4 25. Ne4 a4 26. Nc5 Be8 27. Nxa4 Bxa4 28. bxa4 Na2+ 29. Kb1 Nc3+ 30. Ka1 Nxa4 31. b3 Nc3 32. Kb2 Rfc8 33. Ra1 Rb4 34. Ba6 Rc7 35. Bc4 Na4+ 36. Ka3 Rb8 37. Bxd5 exd5 38. bxa4 Rc3+ 39. Ka2 Rc4 40. Ka3 Rc3+ 41. Ka2 Rc4 42. Ka3 Rc3+ 1/2-1/2